000 00633nam a2200229Ia 4500
003 OSt
005 20220918201320.0
006 a|||||r|||| 00| 0
007 ta
008 220917b |||||||| |||| 00| 0 eng d
024 _a93,072
037 _cTextual
040 _aARTS
_cARTS
_beng
041 _2eng
_aeng
082 _aV2x, K7-;1
100 _aMurty K. Satchidananda Ed.
_995067
245 0 _aReadings in Indian history, politics and philosophy
260 _aNew Delhi
_bAllied India
_c1967
650 _aHISTORY
942 _hV2x, K7-;1
_cTEXL
_2CC
999 _c216720
_d216720